[Event "78th UKR-ch"]
[Site "Alushta UKR"]
[Date "2009.05.11"]
[Round "1"]
[White "Chernoukhov, Oleksandr"]
[WhiteElo "1869"]
[Black "Dolhopolov, Oleksandr"]
[BlackElo "2268"]
[Result "0-1"]
[EventDate "2009.05.10"]
[PlyCount "92"]

1. d4 Nf6 2. c4 e6 3. Nc3 Bb4 4. Qc2 O-O 5. e3 b6 6. a3 Bxc3+ 7. Qxc3 Bb7 8.
Nf3 d6 9. Be2 Ne4 10. Qc2 f5 11. O-O Rf6 12. Ne1 Rh6 13. f4 Nd7 14. Nf3 Ndf6
15. Ng5 Qe7 16. Bf3 Rf8 17. Bd2 Rg6 18. Be1 h6 19. Nh3 Ng4 20. Qd3 e5 21. d5
Nc5 22. Qe2 Nf6 23. b4 e4 24. Bh5 Nxh5 25. Qxh5 Qf7 26. Kh1 Nd3 27. Bc3 c6 28.
dxc6 Bxc6 29. Bd4 Be8 30. Qe2 Qxc4 31. Rfc1 Qa6 32. Rc7 Rf7 33. Qa2 Kf8 34. Qc2
Re6 35. Qb3 Ree7 36. b5 Qxb5 37. Qxb5 Bxb5 38. Rc3 Rc7 39. Rb1 Ba4 40. g3 Rxc3
41. Bxc3 Rc7 42. Bd4 Rc2 43. Rg1 Rd2 44. g4 Bd1 45. Rxd1 Rxd1+ 46. Kg2 fxg4 0-1

[Event "78th UKR-ch"]
[Site "Alushta UKR"]
[Date "2009.05.12"]
[Round "2"]
[White "Kovtun, Sergei"]
[WhiteElo "2288"]
[Black "Tukhaev, Adam"]
[BlackElo "2517"]
[Result "1/2-1/2"]
[EventDate "2009.05.10"]
[PlyCount "96"]

1. e4 d6 2. d4 g6 3. Nc3 Bg7 4. Be3 a6 5. Qd2 b5 6. a4 b4 7. Nd1 a5 8. f3 Nf6
9. Bd3 O-O 10. Ne2 Nbd7 11. h4 h5 12. Bh6 c5 13. Bxg7 Kxg7 14. Qg5 cxd4 15.
Nxd4 Ne5 16. Ne3 b3 17. Bb5 bxc2 18. Nexc2 Kh7 19. O-O Bb7 20. Rfd1 Rc8 21. b4
Nc4 22. bxa5 Rc5 23. Qxc5 dxc5 24. Ne6 Qxa5 25. Nxf8+ Kg7 26. Bxc4 Qc3 27. Bb5
Kxf8 28. Ne1 Qe3+ 29. Kh1 Bxe4 30. fxe4 Nxe4 31. Nf3 Nf2+ 32. Kh2 e5 33. Rf1
Ng4+ 34. Kh3 Qf4 35. Rae1 Ne3 36. Rxe3 Qxe3 37. Re1 Qb3 38. Rxe5 c4 39. Rc5 c3
40. Kh2 Kg7 41. Nd4 Qb4 42. Rc4 Qe7 43. Kh3 Qe3+ 44. Kh2 Qf4+ 45. Kg1 Qe3+ 46.
Kf1 Qf4+ 47. Kg1 Qe4 48. Kf1 Qf4+ 1/2-1/2

[Event "78th UKR-ch"]
[Site "Alushta UKR"]
[Date "2009.05.12"]
[Round "2"]
[White "Matiushin, Gennady"]
[WhiteElo "2500"]
[Black "Razin, Vadim"]
[BlackElo "2284"]
[Result "1/2-1/2"]
[EventDate "2009.05.10"]
[PlyCount "114"]

1. c4 e6 2. Nf3 d5 3. d4 dxc4 4. Qa4+ Nc6 5. g3 Bb4+ 6. Bd2 Bxd2+ 7. Nbxd2 Qd5
8. Qxc4 Qxc4 9. Nxc4 Bd7 10. Bg2 O-O-O 11. O-O Nge7 12. Rfd1 f6 13. a3 Kb8 14.
Bh3 h5 15. Bg2 Be8 16. e3 Bf7 17. Ncd2 Nf5 18. h4 Nd6 19. Rac1 Rhe8 20. Ne1 e5
21. Bxc6 bxc6 22. dxe5 Rxe5 23. Ndf3 Rd5 24. Nd4 Be8 25. Ne6 Rxd1 26. Rxd1 Rd7
27. Nc5 Re7 28. Rd4 Kc8 29. Nc2 Nb7 30. b4 Bg6 31. Nxb7 Kxb7 32. Na1 Bf7 33.
Nc2 Bg6 34. Na1 Bf7 35. Kf1 Kb6 36. Ke2 c5 37. bxc5+ Kxc5 38. Kd2 Bd5 39. Nc2
a5 40. Ne1 Re4 41. Rd3 g5 42. hxg5 fxg5 43. Nf3 Rg4 44. Ne5 Ra4 45. Nd7+ Kc6
46. Ne5+ Kc5 47. f3 h4 48. gxh4 gxh4 49. e4 Be6 50. Ke3 h3 51. Rc3+ Kd6 52. f4
h2 53. Rc6+ Ke7 54. Rxc7+ Kf6 55. Rc1 Rxa3+ 56. Kd4 Rh3 57. Rh1 a4 1/2-1/2

[Event "78th UKR-ch"]
[Site "Alushta UKR"]
[Date "2009.05.12"]
[Round "2"]
[White "Nosenko, Olexandr"]
[WhiteElo "2498"]
[Black "Melnichuk, Mikhail"]
[BlackElo "2276"]
[Result "1/2-1/2"]
[EventDate "2009.05.10"]
[PlyCount "64"]

1. d4 Nf6 2. Nf3 e6 3. e3 b6 4. Bd3 Bb7 5. Nbd2 c5 6. O-O Be7 7. b3 O-O 8. Bb2
d5 9. dxc5 Bxc5 10. a3 Be7 11. c4 Nbd7 12. Qe2 dxc4 13. Nxc4 Rc8 14. Rfd1 Qc7
15. Rac1 Qb8 16. Nd4 Rfd8 17. b4 h6 18. h3 Qa8 19. f4 Bf8 20. f5 exf5 21. Nxf5
Qb8 22. Rf1 b5 23. Na5 Rxc1 24. Rxc1 a6 25. Rf1 g6 26. Nd4 Re8 27. Nxb7 Qxb7
28. Nxb5 axb5 29. Bxf6 Nxf6 30. Rxf6 Qa7 31. Kf2 Qxa3 32. Bxb5 Rxe3 1/2-1/2

[Event "78th UKR-ch"]
[Site "Alushta UKR"]
[Date "2009.05.12"]
[Round "2"]
[White "Golovany, Andrei"]
[WhiteElo "2280"]
[Black "Kharchenko, Boris"]
[BlackElo "2474"]
[Result "1/2-1/2"]
[EventDate "2009.05.10"]
[PlyCount "136"]

1. Nf3 d5 2. g3 c5 3. Bg2 Nc6 4. d4 Nf6 5. O-O e6 6. c4 dxc4 7. Qa4 Bd7 8. dxc5
Bxc5 9. Qxc4 Qe7 10. Nc3 h6 11. Rd1 O-O 12. Qb3 Rab8 13. Na4 Na5 14. Qc2 Bb4
15. Ne5 Rbc8 16. Nc3 Bb5 17. Be3 Bxc3 18. bxc3 b6 19. Qb2 Ba6 20. Bd4 Rfd8 21.
Rac1 Nd7 22. Qb4 Qe8 23. Bf3 Nxe5 24. Bxe5 Nc6 25. Bxc6 Qxc6 26. Qg4 g5 27. h4
Bb7 28. f3 Qc5+ 29. Bd4 Qf5 30. Qxf5 exf5 31. hxg5 hxg5 32. Kf2 Kf8 33. Bf6
Rxd1 34. Rxd1 g4 35. Rd7 Bc6 36. Rxa7 gxf3 37. exf3 f4 38. gxf4 Ra8 39. Rc7
Rxa2+ 40. Ke3 Be8 41. Bd4 b5 42. f5 Ra6 43. Kf4 f6 44. Kg4 Rc6 45. Rb7 Rc4 46.
Rb6 b4 47. Rxb4 Rxb4 48. cxb4 Ke7 49. Bc5+ Kd8 50. Kf4 Bc6 51. Bf2 Ke7 52. Bh4
Bd7 53. Ke4 Bc6+ 54. Ke3 Bd7 55. Kf4 Bc6 56. Be1 Bd7 57. Bc3 Bc6 58. Bd4 Bd7
59. Bc5+ Kd8 60. Kg4 Ke8 61. Kf4 Kd8 62. Bd4 Ke7 63. Bb2 Bc8 64. Ke4 Bd7 65.
Kd4 Bxf5 66. Kc5 Bh3 67. b5 Bg2 68. f4 f5 1/2-1/2

[Event "78th UKR-ch"]
[Site "Alushta UKR"]
[Date "2009.05.12"]
[Round "2"]
[White "Kislinsky, Alexey"]
[WhiteElo "2455"]
[Black "Dementiev, Oleg"]
[BlackElo "1959"]
[Result "1-0"]
[EventDate "2009.05.10"]
[PlyCount "99"]

1. e4 c6 2. d4 d5 3. exd5 cxd5 4. c4 Nf6 5. Nc3 Nc6 6. Bg5 Be6 7. Be2 Qa5 8.
Nf3 dxc4 9. O-O O-O-O 10. Re1 Bg4 11. Qc1 Bxf3 12. Bxf3 Nxd4 13. Bf4 Nxf3+ 14.
gxf3 Nd5 15. Nxd5 Qxd5 16. Re4 e5 17. Bxe5 Bd6 18. Qxc4+ Qxc4 19. Rxc4+ Kb8 20.
Bxg7 Rhg8 21. Rg4 h5 22. Rg2 Rge8 23. Kf1 Bf4 24. Bc3 Bd2 25. Bf6 Rd6 26. Bh4
Rd4 27. Bg3+ Kc8 28. h3 Ba5 29. Bh2 Rd2 30. Bf4 Rxb2 31. Rc1+ Kd7 32. Rg5 Ree2
33. Rd5+ Ke6 34. Rxa5 Rxf2+ 35. Kg1 Rxa2 36. Re1+ Kf6 37. Rxa7 Rg2+ 38. Kh1 Kf5
39. Rxa2 Rxa2 40. Bg3 h4 41. Bxh4 Kf4 42. Rf1 b5 43. Kg1 b4 44. Rb1 Ra3 45. Kg2
b3 46. Bg3+ Ke3 47. Bd6 Ra2+ 48. Kg3 b2 49. Be5 Ra5 50. f4 1-0

[Event "78th UKR-ch"]
[Site "Alushta UKR"]
[Date "2009.05.12"]
[Round "2"]
[White "Kurayan, Ruslan"]
[WhiteElo "2242"]
[Black "Yakymov, Volodymyr"]
[BlackElo "2453"]
[Result "1/2-1/2"]
[EventDate "2009.05.10"]
[PlyCount "98"]

1. c4 e5 2. Nc3 Nc6 3. g3 g6 4. Bg2 Bg7 5. d3 d6 6. Rb1 Be6 7. b4 Qd7 8. b5 Nd8
9. a4 Ne7 10. Nd5 O-O 11. h4 Nc8 12. h5 a6 13. hxg6 fxg6 14. Nf3 axb5 15. axb5
c6 16. Nc3 d5 17. bxc6 bxc6 18. cxd5 cxd5 19. Ng5 e4 20. Qb3 Nc6 21. Nxe6 Qxe6
22. Nxd5 Nd4 23. Qc4 Kh8 24. Bh6 Qf7 25. Bxg7+ Qxg7 26. Nf4 Ne7 27. Bxe4 Rac8
28. Qa6 Rf6 29. Qa7 Rf7 30. Kf1 Rcf8 31. Rb7 Kg8 32. Kg2 Qe5 33. e3 Ne6 34. Qa2
Ng5 35. f3 Qc5 36. d4 Qd6 37. Rc1 Nxe4 38. fxe4 g5 39. e5 Qd8 40. Rcc7 Kh8 41.
Nh3 h6 42. Kh2 Qe8 43. Qa7 Rf2+ 44. Nxf2 Qh5+ 45. Kg1 Qe2 46. Rb8 Qxf2+ 47. Kh1
Qf1+ 48. Kh2 Qe2+ 49. Kh1 Qf1+ 1/2-1/2

[Event "78th UKR-ch"]
[Site "Alushta UKR"]
[Date "2009.05.12"]
[Round "2"]
[White "Veremiy, Bogdan"]
[WhiteElo "2239"]
[Black "Kovalev, Denis"]
[BlackElo "2447"]
[Result "1/2-1/2"]
[EventDate "2009.05.10"]
[PlyCount "50"]

1. e4 c6 2. d4 d5 3. exd5 cxd5 4. c4 Nf6 5. Nc3 Nc6 6. Nf3 e6 7. c5 Be7 8. Bb5
O-O 9. O-O Bd7 10. Bxc6 Bxc6 11. Ne5 Nd7 12. Be3 Nxe5 13. dxe5 f6 14. Qg4 Qd7
15. b4 h5 16. Qxh5 fxe5 17. b5 Bxb5 18. Nxb5 Qxb5 19. Qxe5 Qc6 20. Bd4 Bf6 21.
Qe3 Bxd4 22. Qxd4 Rac8 23. Qe3 Rfe8 24. Rac1 e5 25. f3 b6 1/2-1/2

[Event "78th UKR-ch"]
[Site "Alushta UKR"]
[Date "2009.05.12"]
[Round "2"]
[White "Budnikov, Oleg"]
[WhiteElo "2408"]
[Black "Trehubov, Vadym"]
[BlackElo "2237"]
[Result "1-0"]
[EventDate "2009.05.10"]
[PlyCount "88"]

1. d4 Nf6 2. c4 g6 3. Nf3 Bg7 4. Nc3 O-O 5. Bg5 h6 6. Bh4 g5 7. Bg3 d6 8. e3
Nh5 9. Bd3 e6 10. Nd2 Nxg3 11. hxg3 f5 12. g4 f4 13. Nde4 Nc6 14. Qe2 Nb4 15.
Bb1 Rf7 16. a3 Nc6 17. Ba2 a5 18. O-O-O Bd7 19. Rh3 Qe7 20. Rdh1 fxe3 21. fxe3
Raf8 22. Qd3 Be8 23. Bb1 Rf6 24. Nxf6+ Rxf6 25. Ne4 Rg6 26. Rf1 Nb8 27. Rhf3
Nd7 28. Ng3 Nf6 29. Qb3 c5 30. dxc5 dxc5 31. Nh5 Nxg4 32. Bxg6 Bxg6 33. Nxg7
Kxg7 34. Qc3+ e5 35. Rd1 Qe6 36. Rd8 Nf6 37. Rf1 Ne4 38. Qb3 b6 39. Rb8 Ng3 40.
Rb7+ Kg8 41. Rxb6 Ne2+ 42. Kd2 Qd7+ 43. Kxe2 Be4 44. Rbf6 Qg4+ 1-0

[Event "78th UKR-ch"]
[Site "Alushta UKR"]
[Date "2009.05.12"]
[Round "2"]
[White "Matiushyn, Oleh"]
[WhiteElo "2222"]
[Black "Strelnikov, Sergei"]
[BlackElo "2393"]
[Result "0-1"]
[EventDate "2009.05.10"]
[PlyCount "88"]

1. d4 g6 2. e4 Bg7 3. Nf3 d6 4. Nc3 a6 5. Be2 b5 6. a3 Bb7 7. O-O Nd7 8. h3 c5
9. Bg5 cxd4 10. Nxd4 Ngf6 11. Bf3 h6 12. Bh4 Ne5 13. Re1 O-O 14. Rb1 Rc8 15.
Nd5 Nxd5 16. exd5 g5 17. Bg3 Nxf3+ 18. Nxf3 Rc5 19. Qe2 Re8 20. h4 Rxd5 21.
hxg5 hxg5 22. b4 Rf5 23. Rbd1 Bxf3 24. gxf3 d5 25. a4 Qd7 26. Qd3 e6 27. axb5
axb5 28. Re3 Rc8 29. Kg2 Rc4 30. Qa3 Rxc2 31. Rde1 d4 32. Re4 Qb7 33. Qa5 Rc8
34. Qa2 Ra8 35. Qe2 Ra3 36. Rxe6 fxe6 37. Qxe6+ Rf7 38. Rc1 Qxf3+ 39. Kh2 Ra8
40. Rc5 Ra1 41. Rc8+ Kh7 42. Qh3+ Bh6 43. Rh8+ Kxh8 44. Qxh6+ Rh7 0-1

[Event "78th UKR-ch"]
[Site "Alushta UKR"]
[Date "2009.05.12"]
[Round "2"]
[White "Mazurchak, Bohdan"]
[WhiteElo "2164"]
[Black "Poluektov, Yury"]
[BlackElo "2390"]
[Result "1/2-1/2"]
[EventDate "2009.05.10"]
[PlyCount "112"]

1. e4 e6 2. d3 d5 3. Nd2 c5 4. Ngf3 Nc6 5. g3 g6 6. Bg2 Bg7 7. O-O Nge7 8. Re1
O-O 9. e5 Qc7 10. Qe2 b5 11. h4 Bb7 12. c3 b4 13. Nf1 bxc3 14. bxc3 Qa5 15. Qc2
d4 16. Bd2 dxc3 17. Bxc3 Qa6 18. Ne3 Nb4 19. Bxb4 cxb4 20. Qc5 Nd5 21. Nxd5
Bxd5 22. Qxb4 Qxd3 23. Rad1 Qa6 24. a4 Rab8 25. Qf4 Qa5 26. h5 Rb4 27. Nd4 Bxg2
28. Kxg2 Qd5+ 29. Kg1 Rxa4 30. Nf5 Rxf4 31. Ne7+ Kh8 32. Nxd5 Rf5 33. Nf6 Bxf6
34. exf6 gxh5 35. Rd7 Rxf6 36. Rxa7 h4 37. gxh4 Rg8+ 38. Kf1 Rg4 39. Re3 Kg7
40. Rh3 Rff4 41. h5 Kh6 42. Ke2 Rg5 43. Ke3 Rff5 44. Rf3 Rxf3+ 45. Kxf3 Rxh5
46. Rxf7 Rf5+ 47. Rxf5 exf5 48. Kg3 Kg5 49. f4+ Kg6 50. Kh3 Kf7 51. Kh4 h6 52.
Kh5 Kg7 53. Kh4 Kg6 54. Kg3 Kf6 55. Kh4 Kg6 56. Kg3 Kf6 1/2-1/2

[Event "78th UKR-ch"]
[Site "Alushta UKR"]
[Date "2009.05.12"]
[Round "2"]
[White "Cherednichenko, Elena"]
[WhiteElo "2134"]
[Black "Dmitrenko, Viktor"]
[BlackElo "2338"]
[Result "0-1"]
[EventDate "2009.05.10"]
[PlyCount "84"]

1. d4 Nf6 2. Nf3 c5 3. e3 d5 4. b3 cxd4 5. exd4 Nc6 6. Bd3 Bg4 7. Bb2 e6 8. O-O
Bd6 9. h3 Bh5 10. Nbd2 O-O 11. c4 Bf4 12. Be2 Ne4 13. Nxe4 dxe4 14. Ne1 Bg6 15.
Nc2 Qg5 16. Bc1 Rad8 17. Bxf4 Qxf4 18. d5 Ne5 19. Ne3 Nd3 20. Bxd3 exd3 21. g3
Qf6 22. Re1 Be4 23. Ng4 Qd4 24. dxe6 fxe6 25. Qd2 Bf3 26. Ne3 Be2 27. Rac1 Qf6
28. Nd1 Qf3 29. Rb1 Rf6 30. Qe3 Qf5 31. Nc3 Bf3 32. g4 Qg6 33. Rb2 Bxg4 34. f4
Bxh3+ 35. Kh2 Bf5 36. Rg2 Qh5+ 37. Kg1 Rg6 38. Ne4 Rxg2+ 39. Kxg2 Qg4+ 40. Kf2
Bxe4 41. Qxe4 d2 42. Rg1 Qxg1+ 0-1

[Event "78th UKR-ch"]
[Site "Alushta UKR"]
[Date "2009.05.12"]
[Round "2"]
[White "Varchenko, Hryhorii"]
[WhiteElo "2125"]
[Black "Chos, Alexei"]
[BlackElo "2324"]
[Result "0-1"]
[EventDate "2009.05.10"]
[PlyCount "158"]

1. e4 d5 2. exd5 Nf6 3. d4 Qxd5 4. Nf3 Bg4 5. Be2 Nc6 6. O-O O-O-O 7. c4 Qh5 8.
Qa4 Nxd4 9. Nxd4 Rxd4 10. Bxg4+ Rxg4 11. Qxa7 Nd7 12. Qa8+ Nb8 13. Qa4 c6 14.
Qb3 e6 15. Qf3 Bd6 16. h3 Qe5 17. g3 Rg6 18. Nc3 f5 19. Kh2 Qf6 20. Rd1 e5 21.
Rxd6 Qxd6 22. Qxf5+ Qe6 23. Qxe6+ Rxe6 24. Ne4 h6 25. Be3 Rd8 26. Bb6 Rf8 27.
Bc5 Rf3 28. Rd1 Kc7 29. Bd6+ Kc8 30. Bc5 Kc7 31. Bd6+ Kc8 32. Bc5 Nd7 33. Kg2
Rf7 34. Nd6+ Kc7 35. Ba3 Rf8 36. Nxb7 Ra8 37. Rxd7+ Kxd7 38. Nc5+ Ke7 39. Nxe6+
Kxe6 40. Kf3 Ra4 41. Bf8 Rxa2 42. Bxg7 Rxb2 43. Bxh6 Rc2 44. Be3 Rxc4 45. g4
Rb4 46. h4 Kf6 47. h5 Kf7 48. Kg3 Rb1 49. Kh4 Kf6 50. Bg5+ Ke6 51. Be3 Rb8 52.
h6 Kf6 53. Kh5 Rb1 54. Bg5+ Kf7 55. Bh4 e4 56. g5 Rb5 57. Kg4 Kg6 58. Kf4 Ra5
59. Bg3 Rxg5 60. Kxe4 Rh5 61. Bf4 Kf6 62. Be3 Rh4+ 63. Kd3 Ke5 64. Bg5 Rh5 65.
Be3 Kd5 66. Kc3 c5 67. Kd3 Rh4 68. Kc3 Kc6 69. Kd3 Kb5 70. Ke2 Kc6 71. Kf3 c4
72. Bg5 Rh1 73. Kg4 c3 74. Kf5 c2 75. Kg6 Rg1 76. h7 c1=Q 77. h8=Q Qxg5+ 78.
Kf7 Qg6+ 79. Kf8 Qf5+ 0-1

[Event "78th UKR-ch"]
[Site "Alushta UKR"]
[Date "2009.05.12"]
[Round "2"]
[White "Savvopulo, Anatoly"]
[WhiteElo "2074"]
[Black "Shtanko, Dmitry"]
[BlackElo "2311"]
[Result "1-0"]
[EventDate "2009.05.10"]
[PlyCount "97"]

1. d4 Nf6 2. Nf3 c5 3. e3 b6 4. c4 Bb7 5. Nc3 d6 6. d5 e5 7. Bd3 g6 8. O-O Bg7
9. e4 O-O 10. Bg5 h6 11. Bd2 Nh5 12. g3 Bc8 13. Nh4 Nf4 14. gxf4 Qxh4 15. f5
Qh3 16. Qc2 Nd7 17. Rae1 Nf6 18. Re3 Qh4 19. Rg3 Nh5 20. Rg2 Nf4 21. Rg3 Qf6
22. Kh1 Kh8 23. Rfg1 Rg8 24. fxg6 fxg6 25. Bf1 g5 26. Qd1 Bd7 27. Be3 Raf8 28.
Be2 Be8 29. Bg4 h5 30. Bxf4 hxg4 31. Be3 Bd7 32. Nb5 Rf7 33. Nc7 Bh6 34. Ne6
Bxe6 35. dxe6 Qxe6 36. b3 Rh7 37. Qxg4 Qf7 38. Rf3 Qg6 39. Rf5 Rf7 40. h4 Rxf5
41. exf5 Qh7 42. Qh5 Rg7 43. Rg2 Rf7 44. hxg5 Qxf5 45. Qh4 Qd7 46. g6 Rf3 47.
Qxh6+ Kg8 48. Rh2 Qg7 49. Qh7+ 1-0

[Event "78th UKR-ch"]
[Site "Alushta UKR"]
[Date "2009.05.12"]
[Round "2"]
[White "Stolpovskyi, Serhii"]
[WhiteElo "2151"]
[Black "Nyzhnyk, Illya"]
[BlackElo "2499"]
[Result "0-1"]
[EventDate "2009.05.10"]
[PlyCount "106"]

1. d4 d5 2. c4 dxc4 3. Nf3 Nf6 4. e3 e6 5. Bxc4 c5 6. O-O a6 7. Qe2 b5 8. Bb3
Bb7 9. Rd1 Nbd7 10. Nc3 Qc7 11. d5 c4 12. dxe6 fxe6 13. Bc2 Bd6 14. e4 O-O 15.
Bg5 Ng4 16. h3 Nge5 17. Nd4 Bc5 18. Be3 Rae8 19. Rac1 Rf7 20. Bb1 Ng6 21. b3
Nf4 22. Qf1 e5 23. Bxf4 Rxf4 24. Nf3 Nb6 25. Ne2 Rf6 26. Ng3 g6 27. Qe2 Rc6 28.
Kh1 Ba3 29. Rc2 c3 30. Nf1 Bf8 31. Ne3 b4 32. Rcc1 Bh6 33. Bc2 Kh8 34. Rb1 Bxe3
35. Qxe3 Rf6 36. Re1 Nd7 37. Rbd1 Nc5 38. Ng1 Ref8 39. f3 Rd6 40. Rxd6 Qxd6 41.
Rd1 Qc7 42. Ne2 Ne6 43. Qa7 Ra8 44. Qe3 a5 45. Qh6 Bc6 46. Ng3 Nd4 47. Rc1 Qd6
48. Nf5 Nxf5 49. exf5 Qd2 50. Qxd2 cxd2 51. Rg1 Rc8 52. Bd1 gxf5 53. g4 e4 0-1

[Event "78th UKR-ch"]
[Site "Alushta UKR"]
[Date "2009.05.12"]
[Round "2"]
[White "Kuzmin, Gennady"]
[WhiteElo "2443"]
[Black "Arkhipov, Vladimir"]
[BlackElo "2183"]
[Result "1-0"]
[EventDate "2009.05.10"]
[PlyCount "75"]

1. e4 c6 2. c4 d5 3. exd5 cxd5 4. d4 Nf6 5. Nc3 g6 6. cxd5 Bg7 7. Bc4 O-O 8.
Nge2 Na6 9. O-O b6 10. Bf4 Nc7 11. Be5 Ncxd5 12. Nxd5 Nxd5 13. Bxd5 Qxd5 14.
Nc3 Qd7 15. Bxg7 Kxg7 16. d5 Bb7 17. Re1 Kg8 18. Re5 Rfe8 19. Qb3 Qd6 20. Rae1
a6 21. Qd1 b5 22. a3 Rac8 23. Qe2 Kf8 24. Qe3 Rc4 25. h4 Rxh4 26. f4 Rh5 27.
Qd4 Qf6 28. Rf1 Rd8 29. Ne4 Qg7 30. Qb6 Re8 31. Qxb7 Rxe5 32. fxe5 Qxe5 33. d6
Qd4+ 34. Kh2 Qxb2 35. Qd5 Qg7 36. d7 Rd8 37. Ng5 Qh6+ 38. Kg1 1-0

[Event "78th UKR-ch"]
[Site "Alushta UKR"]
[Date "2009.05.12"]
[Round "2"]
[White "Finherov, Dmytro"]
[WhiteElo "2381"]
[Black "Loy, Konstantin"]
[BlackElo "2123"]
[Result "1-0"]
[EventDate "2009.05.10"]
[PlyCount "95"]

1. d4 Nf6 2. c4 g6 3. Nc3 Bg7 4. e4 d6 5. f4 O-O 6. Nf3 c5 7. dxc5 dxc5 8. Qxd8
Rxd8 9. e5 Ne8 10. Be3 b6 11. Be2 Nc6 12. Kf2 f6 13. exf6 exf6 14. Rad1 Be6 15.
Nd5 $11 15... Bxd5 16. Rxd5 Rxd5 17. cxd5 Nb4 18. Rd1 Rd8 19. f5 g5 20. Nd2 Kf8
21. Ne4 Rxd5 22. Rxd5 Nxd5 23. Bc4 Ndc7 24. Nxc5 Ke7 25. Ne6 Nxe6 26. Bxe6 Bf8
27. Bd2 Ng7 28. Bg8 Nxf5 29. Bxh7 Ke6 30. Bg8+ Kd7 31. Bc3 Bc5+ 32. Kf3 Nh4+
33. Kg4 Ke7 34. g3 Ng6 35. Kf5 Ne5 36. h4 gxh4 37. gxh4 Be3 38. Bb4+ Bc5 39.
Bxc5+ bxc5 40. Bd5 Nd3 41. h5 Kd6 42. h6 Kxd5 43. h7 Nxb2 44. h8=Q Nd3 45. Qa8+
Kc4 46. Qxa7 Nb4 47. a4 Nd5 48. a5 1-0

[Event "78th UKR-ch"]
[Site "Alushta UKR"]
[Date "2009.05.12"]
[Round "2"]
[White "Pavlov, Maxim"]
[WhiteElo "2353"]
[Black "Kariaka, Anatolii"]
[BlackElo "2126"]
[Result "1-0"]
[EventDate "2009.05.10"]
[PlyCount "69"]

1. e4 e6 2. d4 d5 3. Nd2 dxe4 4. Nxe4 Bd7 5. Nf3 Bc6 6. Bd3 Nd7 7. O-O Be7 8.
b3 Ngf6 9. Ng3 O-O 10. Bb2 Bxf3 11. Qxf3 c6 12. c4 Re8 13. Rad1 Qc7 14. Rfe1
Rad8 15. h3 Nf8 16. Nf1 Ng6 17. g3 Rd7 18. h4 Nf8 19. d5 cxd5 20. cxd5 Rxd5 21.
Bxf6 gxf6 22. Ne3 Rc5 23. Ng4 Kg7 24. Qe3 f5 25. Qh6+ Kg8 26. Nf6+ Bxf6 27.
Qxf6 Qe7 28. Qh6 Ng6 29. h5 Qf8 30. Qe3 Ne5 31. b4 Nxd3 32. Rxd3 Rc4 33. Rd7
Rxb4 34. Qd2 Rb6 35. Rc1 {time black zero} 1-0

[Event "78th UKR-ch"]
[Site "Alushta UKR"]
[Date "2009.05.12"]
[Round "2"]
[White "Vatinyan, Gor"]
[WhiteElo "1951"]
[Black "Bernadskyi, Vitalii"]
[BlackElo "2327"]
[Result "0-1"]
[EventDate "2009.05.10"]
[PlyCount "83"]

1. e4 e6 2. d4 d5 3. Nc3 Bb4 4. e5 Ne7 5. Bd2 Nf5 6. Nf3 Nc6 7. a3 Be7 8. Bb5
Bd7 9. Bxc6 Bxc6 10. h4 Bd7 11. Bg5 f6 12. Bf4 h5 13. exf6 gxf6 14. Qe2 Kf7 15.
O-O-O c6 16. Rhg1 Qa5 17. Na2 Rag8 18. Bd2 Qc7 19. Bb4 Nd6 20. Ne1 a5 21. Bc3
Nf5 22. g3 b5 23. Nd3 Bd6 24. Rge1 Qa7 25. Kb1 Ra8 26. Bd2 Nxd4 27. Qe3 Nf5 28.
Qxa7 Rxa7 29. Be3 Nxe3 30. Rxe3 c5 31. Nac1 c4 32. Ne1 b4 33. Ne2 Bc5 34. Rf3
Bc6 35. axb4 axb4 36. c3 bxc3 37. bxc3 Rb8+ 38. Kc1 Ra1+ 39. Kd2 Rb2+ 40. Nc2
Rxc2+ 41. Kxc2 Ba4+ 42. Kb2 0-1

[Event "78th UKR-ch"]
[Site "Alushta UKR"]
[Date "2009.05.12"]
[Round "2"]
[White "Rudak, Vladimir"]
[WhiteElo "2327"]
[Black "Strygin, Alexandr"]
[BlackElo "2092"]
[Result "1/2-1/2"]
[EventDate "2009.05.10"]
[PlyCount "55"]

1. e4 c5 2. Nf3 Nc6 3. d4 cxd4 4. Nxd4 Nf6 5. Nc3 d6 6. Bc4 Qb6 7. Nxc6 bxc6 8.
O-O g6 9. h3 Bg7 10. Qe2 O-O 11. a4 a5 12. Ra3 Nd7 13. Be3 Qc7 14. f4 Rb8 15.
Rb3 Nb6 16. f5 Nxc4 17. Qxc4 Rxb3 18. cxb3 Qb7 19. g4 Qa6 20. Rd1 Qxc4 21. bxc4
gxf5 22. gxf5 Bxc3 23. bxc3 f6 24. c5 24... Rd8 $11 25. c4 Ba6 26. Rd4 Kf7 27.
Kf2 Ke8 28. cxd6 1/2-1/2

[Event "78th UKR-ch"]
[Site "Alushta UKR"]
[Date "2009.05.12"]
[Round "2"]
[White "Yermolkevych, Oleksii"]
[WhiteElo "2097"]
[Black "Stets, Vasilij"]
[BlackElo "2245"]
[Result "0-1"]
[EventDate "2009.05.10"]
[PlyCount "88"]

1. Nf3 c5 2. g3 Nc6 3. Bg2 g6 4. c4 Bg7 5. Nc3 d6 6. b3 e5 7. e4 Nge7 8. d3 O-O
9. O-O f5 10. Bd2 f4 11. Rc1 h6 12. h3 g5 13. g4 Be6 14. Nd5 Ng6 15. a3 Nd4 16.
Nxd4 exd4 17. f3 Ne5 18. Be1 Bxd5 19. exd5 Qe8 20. Rc2 b5 21. Rb2 Rb8 22. Re2
Rf7 23. b4 Rfb7 24. Re4 Qd7 25. Qe2 bxc4 26. dxc4 Qa4 27. Rxe5 Bxe5 28. Qd3 Kg7
29. Rf2 cxb4 30. axb4 Qa1 31. Rf1 Qb2 32. Bd2 a5 33. b5 a4 34. Rb1 Qa2 35. Bb4
Rc8 36. Bf1 Rxc4 37. Qxc4 Qxb1 38. Qc6 Rf7 39. Bxd6 Bxd6 40. Qxd6 Qe1 41. Qc5
Qc3 42. Bc4 d3 43. d6 d2 44. Qd5 Qxc4 0-1

[Event "78th UKR-ch"]
[Site "Alushta UKR"]
[Date "2009.05.12"]
[Round "2"]
[White "Kovalenko, Igor"]
[WhiteElo "2449"]
[Black "Khazankin, Moisei"]
[BlackElo "2134"]
[Result "1-0"]
[EventDate "2009.05.10"]
[PlyCount "85"]

1. e4 c5 2. Nf3 d6 3. d4 cxd4 4. Nxd4 Nf6 5. Nc3 a6 6. Bg5 e6 7. f4 Nbd7 8. Qf3
Qc7 9. O-O-O b5 10. Bxb5 axb5 11. Ndxb5 Qb8 12. e5 Bb7 13. Qe2 dxe5 14. Qc4 Bc5
15. Bxf6 gxf6 16. Rxd7 Be3+ 17. Kb1 Kxd7 18. Rd1+ Bd4 19. fxe5 fxe5 20. Nxd4
exd4 21. Qxd4+ Bd5 22. Nxd5 exd5 23. Qxd5+ Ke8 24. Re1+ Kf8 25. Qc5+ Kg7 26.
Qg5+ Kf8 27. Qh6+ Kg8 28. Re3 f6 29. Re7 Qf8 30. Qe3 Qxe7 31. Qxe7 Rf8 32. a4
h5 33. b4 Rf7 34. Qc5 h4 35. a5 Kg7 36. a6 h3 37. g4 Re8 38. b5 Re5 39. Qb6 Re4
40. Qb8 Rb4+ 41. Kc1 Rf8 42. a7 Ra4 43. b6 1-0

[Event "78th UKR-ch"]
[Site "Alushta UKR"]
[Date "2009.05.12"]
[Round "2"]
[White "Truskavetsky, Alexandr"]
[WhiteElo "2391"]
[Black "Lomakin, Viktor"]
[BlackElo "2120"]
[Result "1/2-1/2"]
[EventDate "2009.05.10"]
[PlyCount "75"]

1. d4 d5 2. c4 dxc4 3. Nf3 Nf6 4. e3 Be6 5. Nbd2 c5 6. Nxc4 Nc6 7. Be2 cxd4 8.
exd4 g6 9. O-O Bg7 10. Ng5 Bd5 11. Ne3 O-O 12. Nxd5 Nxd5 13. Nf3 Qb6 14. Bc4
Rad8 15. Be3 Nxe3 16. fxe3 Na5 17. Qe2 Nxc4 18. Qxc4 Rc8 19. Qe2 h6 20. Rac1
Rc7 21. Rc3 Rfc8 22. Rfc1 Rxc3 23. bxc3 Qa5 24. c4 b6 25. Qc2 Rc7 26. Ne1 h5
27. Nd3 Qg5 28. Qe2 e6 29. Rc3 e5 30. dxe5 Bxe5 31. Nxe5 Qxe5 32. Rd3 Kg7 33.
Rd4 Re7 34. Rd3 Kh7 35. Qd2 Qa1+ 36. Kf2 Qf6+ 37. Kg1 Qa1+ 38. Kf2 $11 1/2-1/2

[Event "78th UKR-ch"]
[Site "Alushta UKR"]
[Date "2009.05.12"]
[Round "2"]
[White "Labenskyi, Ihor"]
[WhiteElo "2304"]
[Black "Podolsky, Anton"]
[BlackElo "2083"]
[Result "0-1"]
[EventDate "2009.05.10"]
[PlyCount "78"]

1. d4 d5 2. c4 c6 3. Nc3 Nf6 4. Nf3 e6 5. cxd5 exd5 6. Bg5 h6 7. Bh4 Be7 8. e3
Qb6 9. Qc1 Bf5 10. Be2 Nbd7 11. O-O g5 12. Bg3 Nh5 13. Ne5 Nxg3 14. fxg3 Be6
15. Nxd7 Kxd7 16. Bd3 Raf8 17. Bf5 h5 18. Qc2 Rh6 19. Rf2 Rf6 20. Raf1 Qb4 21.
a3 Qd6 22. Qe2 Bxf5 23. Rxf5 Qe6 24. Rxf6 Bxf6 25. Qf2 Be7 26. b4 f5 27. Na4 b6
28. Nc3 g4 29. Ne2 Bg5 30. Nf4 Qe4 31. Re1 Re8 32. Nxh5 Bxe3 33. Nf6+ Kd8 34.
Rxe3 Qb1+ 35. Qf1 Qxf1+ 36. Kxf1 Rxe3 37. a4 Ke7 38. Nh5 Re4 39. b5 cxb5 0-1

[Event "78th UKR-ch"]
[Site "Alushta UKR"]
[Date "2009.05.12"]
[Round "2"]
[White "Ivanets, Serhii"]
[WhiteElo "2228"]
[Black "Zaichuk, Vitalii"]
[BlackElo "2038"]
[Result "1-0"]
[EventDate "2009.05.10"]
[PlyCount "105"]

1. e4 g6 2. d4 Bg7 3. Nc3 d6 4. f4 Nf6 5. Nf3 O-O 6. Bd3 c5 7. d5 Na6 8. O-O
Bg4 9. h3 Bxf3 10. Qxf3 Nb4 11. Bd2 c4 12. Bxc4 Nxc2 13. Rac1 Qb6+ 14. Kh2 Qd4
15. Qe2 Rfc8 16. Bb3 Nb4 17. Be3 Qd3 18. Qf3 Qa6 19. e5 Nd7 20. e6 Nf6 21.
exf7+ Kxf7 22. f5 Nd3 23. fxg6+ hxg6 24. Rb1 Ne5 25. Qg3 Kg8 26. Bc2 Rf8 27.
Kg1 Nh5 28. Qh4 Bf6 29. Bg5 Qc4 30. Bxf6 Nxf6 31. Qh6 Qd4+ 32. Kh1 Rf7 33. Bxg6
Rg7 34. Bf5 Nf7 35. Be6 Kf8 36. Bxf7 Kxf7 37. Rbe1 Kg8 38. Re2 Rf8 39. Rf4 Qd3
40. Rf3 Qd4 41. Qe3 Qh4 42. Qe6+ Kh8 43. Ne4 Qh6 44. Nxf6 Rxf6 45. Rxf6 exf6
46. Qxd6 Qc1+ 47. Kh2 Qf1 48. Qe6 Qf4+ 49. Kg1 Qg5 50. d6 Qc1+ 51. Re1 Qc6 52.
Qe8+ Qxe8 53. Rxe8+ 1-0